| 000 | 00362nam a22001457a 4500 | ||
|---|---|---|---|
| 008 | 210309b ||||| |||| 00| 0 eng d | ||
| 020 | _a2901841693186 | ||
| 041 | _aeng | ||
| 080 | _a159.9 | ||
| 082 | _2159.9 | ||
| 100 | _a49 | ||
| 101 | _aPSI | ||
| 245 |
_aAn Introduction to Applied Cognitive Psychology _cAnthony Esgate and David Groome |
||
| 942 |
_2udc _cBK |
||
| 999 |
_c56036 _d56036 |
||